[Event "Mindsports Blitz 4th"]
[Site "London"]
[Date "2024.07.23"]
[Round "14.2"]
[White "Johnson, Daniel"]
[Black "Cancedda-Dupuis, Livio"]
[Result "1/2-1/2"]
[WhiteElo "2271"]
[BlackElo "2000"]
[PlyCount "134"]
[EventDate "2024.07.23"]
[EventType "swiss (blitz)"]
[EventRounds "14"]
[EventCountry "ENG"]
[SourceTitle "BritBase"]
[Source "John Saunders"]
[SourceDate "2024.08.27"]
[SourceVersion "1"]
[SourceVersionDate "2024.08.27"]
[SourceQuality "1"]

1. d4 Nf6 2. c4 e6 3. Nc3 Bb4 4. Qc2 c5 5. dxc5 O-O 6. Nf3 Nc6 7. Bg5 h6 8. Bh4 Bxc5 9. e3 b6 10. Be2 Bb7 11. O-O Be7 12. Rfd1 a6 13. Rac1 Qc7 14. Bg3 Qc8 15. Na4 Qd8 16. Qb3 Na5 17. Qxb6 Bc6 18. Bc7 Qc8 19. Qxa5 Bxa4 20. b3 Bc6 21. Bd6 Bd8 22. Qa3 Re8 23. Ne5 Bb7 24. Bf3 Bxf3 25. Nxf3 Ne4 26. Bf4 Be7 27. Qa4 Nc5 28. Qa5 f6 29. Qd2 e5 30. Qd5+ Kh8 31. Bg3 Ra7 32. Nh4 Kh7 33. Nf5 Bf8 34. h4 Rb7 35. h5 Qc6 36. Qf7 d6 37. Qg6+ Kh8 38. b4 Ne4 39. a3 Rd8 40. f3 Ng5 41. e4 Ne6 42. Bf2 Rbd7 43. Qg4 Qa4 44. Rd3 Nf4 45. Re3 Rc7 46. Bg3 Ne6 47. Nxh6 Nd4 48. Nf5 Nxf5 49. Qxf5 Rdc8 50. Qe6 a5 51. h6 axb4 52. axb4 Qxb4 53. hxg7+ Kxg7 54. Qg4+ Kf7 55. Qh5+ Ke7 56. Bh4 Qd2 57. Rce1 Rxc4 58. Qh7+ Ke8 59. Bxf6 Rc1 60. Qg6+ Kd7 61. Qf7+ Kc6 62. Rxc1+ Qxc1+ 63. Kf2 Bh6 64. Qd5+ Kd7 65. Qf7+ Kc6 66. Qd5+ Kd7 67. Qf7+ Kc6 1/2-1/2

[Event "Mindsports Blitz 4th"]
[Site "London"]
[Date "2024.07.23"]
[Round "14.3"]
[White "Fellowes, Billy"]
[Black "Senlle Caride, Miguel"]
[Result "0-1"]
[WhiteElo "1988"]
[BlackElo "2339"]
[PlyCount "137"]
[EventDate "2024.07.23"]
[EventType "swiss (blitz)"]
[EventRounds "14"]
[EventCountry "ENG"]
[SourceTitle "BritBase"]
[Source "John Saunders"]
[SourceDate "2024.08.27"]
[SourceVersion "1"]
[SourceVersionDate "2024.08.27"]
[SourceQuality "1"]

1. d4 d5 2. Nc3 Nf6 3. Bf4 c5 4. e4 Nxe4 5. Nxe4 dxe4 6. dxc5 Qa5+ 7. c3 Qxc5 8. Qa4+ Nc6 9. Qxe4 g6 10. Be3 Qa5 11. Bc4 Bg7 12. Ne2 O-O 13. O-O Bf5 14. Qh4 Ne5 15. Bb3 Bd3 16. Rfe1 Qc7 17. Nf4 Bc4 18. Nd5 Bxd5 19. Bxd5 Rfd8 20. Rad1 e6 21. Bb3 Nc6 22. Bg5 Rxd1 23. Rxd1 Na5 24. Bc2 Qc4 25. Qxc4 Nxc4 26. b3 Nb6 27. c4 f5 28. g3 Kf7 29. Be3 Re8 30. Bc5 Bf8 31. Be3 e5 32. a4 Re7 33. a5 Nc8 34. Bc5 Rc7 35. Bxf8 Kxf8 36. Rd5 e4 37. f3 exf3 38. Kf2 Ne7 39. Rd8+ Kf7 40. Kxf3 Nc6 41. Rd5 Nb4 42. Rd2 Ke6 43. Bd1 Rc5 44. Rd8 Rxa5 45. Re8+ Kd6 46. Rh8 Ra1 47. Be2 Rb1 48. Rxh7 Rxb3+ 49. Kf4 Nc6 50. Kg5 Ne5 51. Bd1 Rb2 52. h4 a5 53. Kf6 Rd2 54. Ba4 Ra2 55. Bb5 Ra3 56. Be8 Rxg3 57. c5+ Kd5 58. Re7 Nd3 59. Rd7+ Kxc5 60. Rc7+ Kd6 61. Rd7+ Kc5 62. Rc7+ Kb6 63. Rc3 Rf3 64. Bxg6 a4 65. h5 Ne1 66. Rxf3 Nxf3 67. h6 a3 68. h7 a2 69. Bf7 0-1

[Event "Mindsports Blitz 4th"]
[Site "London"]
[Date "2024.07.23"]
[Round "14.4"]
[White "Malinovskii, Ilia"]
[Black "Clarke, Connor"]
[Result "0-1"]
[WhiteElo "1978"]
[BlackElo "2116"]
[PlyCount "66"]
[EventDate "2024.07.23"]
[EventType "swiss (blitz)"]
[EventRounds "14"]
[EventCountry "ENG"]
[SourceTitle "BritBase"]
[Source "John Saunders"]
[SourceDate "2024.08.27"]
[SourceVersion "1"]
[SourceVersionDate "2024.08.27"]
[SourceQuality "1"]

1. Nf3 d5 2. g3 Nd7 3. d4 Nb6 4. Bg2 Bf5 5. O-O e6 6. a4 a5 7. b3 Nf6 8. Nbd2 h6 9. c4 c6 10. Re1 Bh7 11. Ne5 Be7 12. e4 dxe4 13. Nxe4 Nxe4 14. Bxe4 Bxe4 15. Rxe4 Bf6 16. Ba3 Be7 17. Bxe7 Qxe7 18. Rf4 O-O 19. Qf3 Nd7 20. Ng4 f5 21. Ne5 g5 22. Ng6 Qf7 23. Nxf8 Rxf8 24. Kh1 gxf4 25. gxf4 Nf6 26. Rg1+ Kh7 27. Re1 Ne4 28. Qe3 Rg8 29. f3 Qg6 30. Qe2 Nf6 31. Qf2 Nh5 32. d5 Nxf4 33. dxe6 Nd3 0-1

[Event "Mindsports Blitz 4th"]
[Site "London"]
[Date "2024.07.23"]
[Round "14.5"]
[White "Dignam, Matthew"]
[Black "Alizada, Eldar"]
[Result "1-0"]
[WhiteElo "2052"]
[BlackElo "1929"]
[PlyCount "45"]
[EventDate "2024.07.23"]
[EventType "swiss (blitz)"]
[EventRounds "14"]
[EventCountry "ENG"]
[SourceTitle "BritBase"]
[Source "John Saunders"]
[SourceDate "2024.08.27"]
[SourceVersion "1"]
[SourceVersionDate "2024.08.27"]
[SourceQuality "1"]

1. e4 e6 2. d4 d5 3. e5 c5 4. c3 Nc6 5. Nf3 Qb6 6. a3 c4 7. Nbd2 Na5 8. Rb1 Bd7 9. h4 Ne7 10. Rh3 Nc8 11. b4 cxb3 12. c4 dxc4 13. Nxc4 Nxc4 14. Bxc4 Qa5+ 15. Bd2 Qxa3 16. Bxb3 Bb4 17. Ng5 Qa5 18. Bxb4 Qxb4+ 19. Kf1 Qe7 20. Qc2 h6 21. Ne4 O-O 22. Rg3 Nb6 23. Nf6+ 1-0

[Event "Mindsports Blitz 4th"]
[Site "London"]
[Date "2024.07.23"]
[Round "14.6"]
[White "Dias, Savin"]
[Black "Pein, Jonathan"]
[Result "1-0"]
[WhiteElo "1872"]
[BlackElo "2128"]
[PlyCount "89"]
[EventDate "2024.07.23"]
[EventType "swiss (blitz)"]
[EventRounds "14"]
[EventCountry "ENG"]
[SourceTitle "BritBase"]
[Source "John Saunders"]
[SourceDate "2024.08.27"]
[SourceVersion "1"]
[SourceVersionDate "2024.08.27"]
[SourceQuality "1"]

1. e4 e5 2. Nf3 d6 3. Bc4 Nf6 4. d3 Be7 5. O-O O-O 6. c3 c6 7. Re1 Nbd7 8. d4 Qc7 9. h3 b6 10. Nbd2 Bb7 11. Nf1 d5 12. dxe5 Nxe4 13. Bd3 Nxe5 14. Nxe5 Qxe5 15. f3 Bc5+ 16. Be3 f5 17. Bxc5 bxc5 18. fxe4 fxe4 19. Qb3 Qc7 20. Bxe4 c4 21. Qc2 dxe4 22. Qxe4 Qb6+ 23. Kh1 c5 24. Qxc4+ Kh8 25. b3 Rf2 26. Ne3 Qh6 27. Nd5 Raf8 28. Qe4 Rd2 29. c4 Bc8 30. Rf1 Rg8 31. Qf3 Be6 32. Nf4 Bc8 33. Rf2 Rd4 34. Nd5 Bb7 35. Rd1 Rxd1+ 36. Qxd1 Qd6 37. Qf3 h6 38. g3 Rd8 39. Rd2 Qe5 40. Kg2 Rd6 41. Re2 Qd4 42. Qf8+ Kh7 43. Qxd6 Qd3 44. Qe5 a5 45. Qe4+ 1-0

[Event "Mindsports Blitz 4th"]
[Site "London"]
[Date "2024.07.23"]
[Round "14.7"]
[White "Patel, Zain"]
[Black "Bijeljic, Branko"]
[Result "0-1"]
[WhiteElo "2063"]
[BlackElo "1924"]
[PlyCount "120"]
[EventDate "2024.07.23"]
[EventType "swiss (blitz)"]
[EventRounds "14"]
[EventCountry "ENG"]
[SourceTitle "BritBase"]
[Source "John Saunders"]
[SourceDate "2024.08.27"]
[SourceVersion "1"]
[SourceVersionDate "2024.08.27"]
[SourceQuality "1"]

1. d4 Nf6 2. Nf3 g6 3. c4 Bg7 4. Nc3 d6 5. e4 O-O 6. Be2 c6 7. O-O Qc7 8. h3 Nbd7 9. Be3 a6 10. Rc1 Rb8 11. Qd2 Re8 12. Rfd1 e5 13. d5 Bf8 14. Bh6 c5 15. Bxf8 Nxf8 16. a3 N6d7 17. b4 Kg7 18. Ne1 Qd8 19. Nd3 f5 20. bxc5 Nxc5 21. Nxc5 dxc5 22. Qe3 Qd6 23. Bf1 Nd7 24. exf5 gxf5 25. Bd3 e4 26. Bb1 Nf6 27. Ne2 Bd7 28. Nf4 Kh8 29. Qg3 Qe5 30. Qh4 Rg8 31. d6 Rg7 32. Nd5 Nxd5 33. Rxd5 Qb2 34. Rcd1 Rbg8 35. g3 e3 36. Qf4 exf2+ 37. Kf1 Rxg3 38. Qe5+ Qxe5 39. Rxe5 Rg1+ 40. Kxf2 Rxd1 41. Re7 Rxd6 42. Kf3 Rd1 43. Bc2 Rd2 44. Bb1 Rg1 45. Ke3 Re1+ 46. Kxd2 Rxe7 47. Kc3 Kg7 48. a4 Bxa4 49. Bxf5 Bc6 50. Kd3 h6 51. h4 Kf6 52. Bc8 Ke5 53. h5 Kf4 54. Kc3 Re3+ 55. Kd2 Ra3 56. Kc2 Ke4 57. Kb2 Rg3 58. Ka2 Kd4 59. Be6 Bf3 60. Kb2 Bxh5 0-1

[Event "Mindsports Blitz 4th"]
[Site "London"]
[Date "2024.07.23"]
[Round "14.8"]
[White "Clery, Liam"]
[Black "Pollack, Oscar"]
[Result "0-1"]
[WhiteElo "1877"]
[BlackElo "1958"]
[PlyCount "84"]
[EventDate "2024.07.23"]
[EventType "swiss (blitz)"]
[EventRounds "14"]
[EventCountry "ENG"]
[SourceTitle "BritBase"]
[Source "John Saunders"]
[SourceDate "2024.08.27"]
[SourceVersion "1"]
[SourceVersionDate "2024.08.27"]
[SourceQuality "1"]

1. e4 e6 2. d4 d5 3. Nd2 Nc6 4. Ngf3 Nf6 5. e5 Nd7 6. c3 f6 7. exf6 Qxf6 8. Bd3 Bd6 9. O-O O-O 10. Re1 e5 11. dxe5 Ndxe5 12. Qe2 Bg4 13. Bc2 Rae8 14. Qd1 Nxf3+ 15. Nxf3 Bxf3 16. gxf3 Rxe1+ 17. Qxe1 Qxf3 18. Qe6+ Kh8 19. Be3 Ne5 20. Bd1 Qe4 21. Rc1 Nf3+ 22. Bxf3 Qxe6 23. Bg2 Qe5 24. h3 h6 25. Rd1 c6 26. Bd4 Qh2+ 27. Kf1 Rf5 28. Rd3 Rg5 29. Bf3 Qxh3+ 30. Ke2 Qe6+ 31. Re3 Qf7 32. b4 Bf4 33. Rd3 Qe6+ 34. Kd1 Rg1+ 35. Kc2 Qe1 36. Rd1 Qxd1+ 37. Bxd1 Kh7 38. Be2 g5 39. Kd3 Ra1 40. Bg4 Kg6 41. Bxa7 Rxa2 42. Bc8 Rxa7 0-1

[Event "Mindsports Blitz 4th"]
[Site "London"]
[Date "2024.07.23"]
[Round "14.9"]
[White "Nixon, Rodney J"]
[Black "Finn, Peter"]
[Result "0-1"]
[WhiteElo "1995"]
[BlackElo "1980"]
[PlyCount "86"]
[EventDate "2024.07.23"]
[EventType "swiss (blitz)"]
[EventRounds "14"]
[EventCountry "ENG"]
[SourceTitle "BritBase"]
[Source "John Saunders"]
[SourceDate "2024.08.27"]
[SourceVersion "1"]
[SourceVersionDate "2024.08.27"]
[SourceQuality "1"]

1. e4 c5 2. Nf3 Nc6 3. d4 cxd4 4. Nxd4 Nf6 5. Nc3 e6 6. Nxc6 bxc6 7. e5 Nd5 8. Ne4 Qc7 9. f4 Qb6 10. c4 Ne3 11. Qe2 Bb4+ 12. Nc3 Bxc3+ 13. bxc3 Nf5 14. g4 Ne7 15. Be3 Qa5 16. Qc2 Ba6 17. Bd3 Rd8 18. O-O d5 19. exd6 Rxd6 20. Rab1 O-O 21. Bxh7+ Kh8 22. Bd3 Rfd8 23. Be2 Kg8 24. Rf3 c5 25. Rh3 g6 26. Rf1 Qb6 27. f5 exf5 28. Bf4 Re6 29. gxf5 Nxf5 30. Bg5 Rde8 31. Bg4 Ne3 32. Bxe6 Nxc2 33. Bxf7+ Kg7 34. Bxe8 Bxc4 35. Rf2 Qb1+ 36. Kg2 Ne1+ 37. Kg3 Qd3+ 38. Kh4 Qe4+ 39. Rf4 Qxe8 40. Bf6+ Kg8 41. Kg5 Qe6 42. Rh8+ Kf7 43. Bd8+ Kg7 0-1

[Event "Mindsports Blitz 4th"]
[Site "London"]
[Date "2024.07.23"]
[Round "14.10"]
[White "Mostyn, Gregory"]
[Black "Andal, Edmond"]
[Result "0-1"]
[WhiteElo "1771"]
[BlackElo "2145"]
[PlyCount "96"]
[EventDate "2024.07.23"]
[EventType "swiss (blitz)"]
[EventRounds "14"]
[EventCountry "ENG"]
[SourceTitle "BritBase"]
[Source "John Saunders"]
[SourceDate "2024.08.27"]
[SourceVersion "1"]
[SourceVersionDate "2024.08.27"]
[SourceQuality "1"]

1. e4 c5 2. Nf3 e6 3. d4 cxd4 4. Nxd4 a6 5. Nc3 Qc7 6. a3 Nf6 7. Be2 h5 8. O-O Be7 9. f4 d6 10. Kh1 Bd7 11. f5 e5 12. Nf3 Bc6 13. Ng5 Nbd7 14. Bc4 Rf8 15. Rf2 Ng4 16. Rf1 Qb6 17. Qf3 Rc8 18. h3 Ndf6 19. hxg4 hxg4 20. Qf2 Qc7 21. Nd5 Bxd5 22. Bxd5 Bd8 23. c3 b5 24. g3 Nxd5 25. exd5 Qc4 26. Be3 Qxd5+ 27. Qg2 Rh8+ 28. Kg1 Qc4 29. Qe4 Bxg5 30. Qxc4 Bxe3+ 31. Kg2 Rxc4 32. Rad1 Ke7 33. Rd5 Bb6 34. Rfd1 Bc7 35. R5d3 Rh5 36. b3 Rc5 37. Rf1 Kf6 38. b4 Rc4 39. a4 Rxf5 40. Ra1 e4 41. Re3 d5 42. axb5 axb5 43. Ra6+ Ke7 44. Ra7 Kd7 45. Ra6 Rf3 46. Re2 Rcxc3 47. Rd2 Rxg3+ 48. Kf2 e3+ 0-1